000 00846nam a2200217 a 4500
001 BRCA_1658
005 20190320203508.0
008 131205s1982----sp-a---###---#000-0#spa-d
050 4 _aND813.T4
_b.T65 1982
245 1 0 _aEl Toledo de El Greco
_cDirección General de Bellas Artes; Archivos y bibliotecas; Ministerio de Cultura.
260 _aToledo : Ministerio de Cultura
300 _a269 p.
_bil.
_c30 cm.
500 _aCatálogo de la exposición realizada en el Hospital de la Talavera, iglesia de San Pedro Martír (Toledo - España), abril - junio, 1982
500 _aIncluye índice de artístas
504 _aBibliofrafía: p. 255-262
610 2 4 _aGreco 1541-1614
_95168
710 2 _aDirección General de Bellas Artes
_95169
710 2 _aArchivos y Bibliotecas
_95170
710 2 _aMinisterio de Cultura
_95171
942 _2lcc
_cB
999 _c1455
_d1455